| 000 | 00576cam a2200217 4500 | ||
|---|---|---|---|
| 001 | B2162 | ||
| 008 | 090401t1988 xxu||||| |||| 00| 0 eng d | ||
| 035 | _a(Sirsi) u48394 | ||
| 041 | _aeng | ||
| 050 | _a333.0025417 | ||
| 110 |
_aSociety of Chartered Surveyors in the Republic of Ireland _91971 |
||
| 245 | _aYearbook & directory 1988 | ||
| 260 |
_aDublin _bSociety of Chartered Surveyors _c1988 |
||
| 300 | _a72p. : ill. ; 30cm. | ||
| 350 | _a0 | ||
| 650 | _aABOUT RICS-RICS MEMBERS | ||
| 650 | _aDIRECTORIES | ||
| 650 | _aEIRE | ||
| 942 | _n0 | ||
| 948 | _c04/03/1997 | ||
| 999 |
_c92328 _d92328 |
||